Países del mundo-5 minutos sprint con mapa - Estadísticas

Estadísticas generales
  • Esta prueba ha sido intentada 84 veces
  • La puntuación promedio es 150 de 196
Respuestas en el mapa
Las respuestas están codificadas por una escala verde-roja en el mapa de la prueba según el % correcto abajo.
 
Estadísticas de respuestas
País % Correcto
Argentina
100%
Chile
100%
China
100%
España
100%
Francia
100%
Portugal
100%
Rusia
100%
Alemania
98%
Brasil
98%
Canadá
98%
Estados Unidos
98%
Italia
98%
Marruecos
98%
México
98%
Perú
98%
Suecia
98%
Turquía
98%
Venezuela
98%
Bielorrusia
95%
Cuba
95%
Irlanda
95%
Islandia
95%
Noruega
95%
Paraguay
95%
Reino Unido
95%
Rumania
95%
Uruguay
95%
Arabia Saudita
93%
Argelia
93%
Australia
93%
Colombia
93%
Dinamarca
93%
Ecuador
93%
Estonia
93%
Finlandia
93%
Grecia
93%
India
93%
Japón
93%
Mongolia
93%
Omán
93%
Polonia
93%
Ucrania
93%
Corea del Sur
90%
Irak
90%
Irán
90%
Kazajistán
90%
Suiza
90%
Yemen
90%
Bélgica
88%
Egipto
88%
Hungría
88%
Letonia
88%
Libia
88%
Lituania
88%
Níger
88%
República Dominicana
88%
Sudáfrica
88%
Bolivia
85%
Corea del Norte
85%
Costa Rica
85%
Eslovaquia
85%
Eslovenia
85%
Guyana
85%
Haití
85%
Indonesia
85%
Pakistán
85%
Serbia
85%
Sudán
85%
Tailandia
85%
Túnez
85%
Uzbekistán
85%
Albania
83%
Austria
83%
Bosnia y Herzegovina
83%
Emiratos Árabes Unidos
83%
Laos
83%
Madagascar
83%
Nicaragua
83%
Nigeria
83%
Países Bajos
83%
República Democrática del Congo
83%
Surinam
83%
Afganistán
80%
Bulgaria
80%
Catar
80%
Chad
80%
Croacia
80%
Macedonia del Norte
80%
Malta
80%
Montenegro
80%
Nueva Zelanda
80%
Panamá
80%
República Checa
80%
Vietnam
80%
Andorra
78%
Armenia
78%
Azerbaiyán
78%
Camboya
78%
Ciudad del Vaticano
78%
Georgia
78%
Guatemala
78%
Jordania
78%
Malasia
78%
Malí
78%
Mauritania
78%
San Marino
78%
Siria
78%
El Salvador
76%
Honduras
76%
Israel
76%
Kosovo
76%
República del Congo
76%
Somalia
76%
Kenia
73%
Myanmar
73%
Nepal
73%
Senegal
73%
Sudán del Sur
73%
Taiwán
73%
Belice
71%
Bután
71%
Camerún
71%
Chipre
71%
Etiopía
71%
Luxemburgo
71%
Maldivas
71%
Moldavia
71%
Turkmenistán
71%
Bahamas
68%
Filipinas
68%
Guinea
68%
Jamaica
68%
Kuwait
68%
Singapur
68%
Sri Lanka
68%
Tayikistán
68%
Angola
66%
Cabo Verde
66%
Kirguistán
66%
Togo
66%
Zambia
66%
Bangladés
63%
Barbados
63%
Baréin
63%
Costa de Marfil
63%
Estados Federados de Micronesia
63%
Fiyi
63%
Ghana
63%
Líbano
63%
Namibia
63%
Papúa Nueva Guinea
63%
Tanzania
63%
Burkina Faso
61%
Dominica
61%
Eritrea
61%
Mónaco
61%
Santo Tomé y Príncipe
61%
Tonga
61%
Zimbabue
61%
Antigua y Barbuda
59%
Benín
59%
Brunéi
59%
Gabón
59%
Gambia
59%
Mozambique
59%
Santa Lucía
59%
Botsuana
56%
Comoras
56%
Liechtenstein
56%
Palaos
56%
Samoa
56%
Seychelles
56%
Trinidad y Tobago
56%
Tuvalu
56%
Yibuti
56%
Kiribati
54%
Lesoto
54%
Liberia
54%
Mauricio
54%
República Centroafricana
54%
Ruanda
54%
Timor Oriental
54%
Uganda
54%
Vanuatu
54%
Granada
51%
Guinea Ecuatorial
51%
Islas Marshall
51%
Malaui
51%
San Vicente y las Granadinas
51%
Burundi
49%
Esuatini
49%
Guinea-Bissau
49%
Islas Salomón
49%
Nauru
49%
Sierra Leona
46%
San Cristóbal y Nieves
44%
No se encontraron pruebas coincidentes
Distribución de puntuación
Porcentaje de gente con cada puntuación
Porcentaje por número respondido
Historial de tus puntuaciones
No has intentado esta prueba.